Black beauty

Bibliographic Details
Main Author: Sewell, Anna
Format: Book
Published: USA : Ladybird Books LTD , 1994
Series:Ladybird Classics
Subjects:

MARC

LEADER 00000cam a2200000 7i4500
001 0000008123
002 000008862
005 20071009.0
020 |a 0721416608 
090 0 0 |a JF   |b LAD 
100 1 |a Sewell, Anna 
245 1 0 |a Black beauty   |c Anna Sewell 
260 |a USA :   |b Ladybird Books LTD ,   |c 1994 
300 |a p.v :   |b ill ;   |c 17cm. 
490 0 |a Ladybird Classics 
650 0 0 |a Children's stories 
999 |a 052419   |b BUKU   |c PINJAMAN   |e PERPUSTAKAAN KOMUNITI PETALING JAYA 
999 |a 052420   |b BUKU   |c PINJAMAN   |e PERPUSTAKAAN KOMUNITI PETALING JAYA 
999 |a 055558   |b BUKU   |c PINJAMAN   |e PERPUSTAKAAN KOMUNITI PETALING JAYA